[Event "Clutch Chess International"]
[Site "Saint Louis"]
[Date "2020.06.13"]
[Round "3.1"]
[White "Carlsen, Magnus"]
[Black "Caruana, Fabiano"]
[Result "1/2-1/2"]
[WhiteElo "2881"]
[BlackElo "2773"]
[Annotator "TA"]
[PlyCount "133"]
[EventDate "2020.06.05"]
[EventType "k.o."]
[EventCountry "USA"]
[SourceTitle "playchess.com"]
[Source "ChessBase"]
[SourceQuality "1"]

{[%evp 9,133,14,14,-12,-20,-18,-11,-21,0,0,0,0,0,0,0,0,36,25,29,0,50,0,35,39,27,27,59,37,59,43,45,42,41,35,26,22,30,27,45,25,22,18,18,11,20,22,22,20,26,24,27,27,18,48,54,48,50,50,58,60,73,0,8,8,8,0,0,0,62,76,77,59,74,76,333,314,378,370,338,341,388,309,346,14,18,20,24,-8,-8,-8,-8,-12,-18,-18,-19,-67,-67,-64,-64,-68,-68,-62,-5,-6,-6,-8,0,0,0,0,0,0,0,0,0,0,0,0,0,0,0,0,0,-8,0,-8]} 1. c4 e5 2. Nc3 Nf6 3. g3 Bb4 4. e4 Bxc3 (4... O-O 5. Nge2 c6 6. Bg2 a6 7. O-O b5 8. d4 d6 9. a3 Bxc3 10. Nxc3 bxc4 11. dxe5 dxe5 12. Na4 Be6 13. Qxd8 Rxd8 14. Be3 {1-0 (55) Carlsen,M (2835)-Caruana,F (2832) London 2018}) 5. bxc3 O-O {[#]} 6. f3 $146 {A22: English Opening: 1...e5 2 Nc3 Nf6.} ({Predecessor:} 6. Bg2 c6 7. Ne2 d5 8. cxd5 cxd5 9. exd5 Nxd5 10. O-O Nc6 11. Rb1 Nb6 12. d4 Be6 13. Ba3 Re8 14. dxe5 Bc4 15. Re1 Rxe5 {½-½ (32) Bareev,E (2643)-Kasimdzhanov,R (2657) Khanty-Mansiysk 2019}) 6... Re8 7. Kf2 c6 8. d4 d5 9. cxd5 cxd5 10. dxe5 Rxe5 11. c4 $1 {[%cal Rc4d5]} d4 12. Ne2 Nc6 (12... Rxe4 $5 13. fxe4 Nxe4+ 14. Ke1 Nc6 $14) 13. Nf4 Nd7 14. Nd5 Re8 15. Bf4 Nde5 16. Bxe5 Rxe5 17. Bd3 f5 18. Re1 fxe4 19. Bxe4 Bf5 $1 20. Bxf5 Rxf5 21. f4 Qd7 22. Rb1 Raf8 23. Kg1 R5f7 24. Rb2 Re8 25. Rbe2 Rff8 26. a4 Qf7 27. Qd3 Rxe2 28. Qxe2 Rd8 29. Qe4 g6 30. g4 Kf8 31. Kf2 Kg7 32. Kg3 Kf8 33. h3 a6 34. Kf3 Kg7 35. Qe6 ({Better is} 35. g5 $16) 35... Qxe6 36. Rxe6 $11 {[%mdl 4096] Endgame KRN-KRN} Kf7 37. f5 gxf5 38. gxf5 Rg8 (38... d3 $1 $11 39. Ke3 Nb4 {[%mdl 64] Promotion}) 39. Rh6 Kg7 40. Rd6 {aiming for Rd7+.} Rf8 41. Kf4 d3 $2 {[%mdl 8192] [#]} (41... Rd8 $16 42. Nf6 Rxd6 43. Ne8+ {[%mdl 64] Double Attack} Kh6 44. Nxd6 d3) 42. Nc7 $18 Rc8 43. Ne6+ Kf7 44. Rxd3 Ne7 45. Ng5+ Ke8 46. Ke5 $2 ({Less strong is} 46. Nxh7 Rxc4+ 47. Kg5 Rxa4 $16) (46. Rd4 $18) 46... Rc5+ $1 $11 47. Ke6 {Black must now prevent Ne4.} Nxf5 {...Ng7+ is the strong threat.} 48. Ne4 Ng7+ 49. Kd6 $132 {[%mdl 2048] White puts up resistance} Rxc4 {[%mdl 64] [#] Double Attack} 50. Ke5 {Strongly threatening Nd6+.} Rxa4 {Threatening ...Ra5+.} 51. Nd6+ Ke7 {Threatens to win with ...Ra5+.} 52. Nxb7 Rh4 53. Ra3 Rh6 54. Nc5 Rh5+ 55. Kd4 a5 (55... Nf5+ $15 56. Kd5 Ne3+ {[%mdl 64] Discovered Attack (Double check)} 57. Ke4 Rh4+ 58. Kd3 Nd5) 56. Rxa5 {The position is equal.} Ne6+ 57. Kc4 Nxc5 (57... Nc7 {seems wilder.} 58. Ra7 Rh4+ 59. Kd3 Rxh3+ 60. Ke4 Kd6) 58. Rxc5 Rxh3 {KR-KR} 59. Kd4 Kf6 60. Ke4 Kg6 61. Kf4 Rh5 62. Rxh5 Kxh5 63. Kg3 Kg5 64. Kh2 Kh5 65. Kh1 Kg5 66. Kg1 Kh5 67. Kh1 {Black escapes into a draw. Accuracy: White = 84%, Black = 78%.} 1/2-1/2

[Event "Clutch Chess International"]
[Site "Saint Louis"]
[Date "2020.06.13"]
[Round "3.2"]
[White "Caruana, Fabiano"]
[Black "Carlsen, Magnus"]
[Result "1/2-1/2"]
[WhiteElo "2773"]
[BlackElo "2881"]
[Annotator "TA"]
[PlyCount "132"]
[EventDate "2020.06.05"]
[EventType "k.o."]
[EventCountry "USA"]
[SourceTitle "playchess.com"]
[Source "ChessBase"]
[SourceQuality "1"]

{[%evp 12,132,27,6,17,6,9,2,7,7,18,18,25,18,27,20,16,20,31,40,28,26,91,100,98,67,72,17,11,11,10,13,23,30,21,20,42,34,49,11,13,0,0,0,16,14,21,12,21,0,14,8,14,16,20,23,43,12,58,66,65,0,0,0,0,0,0,0,0,0,0,0,0,0,0,0,0,0,0,0,4,4,7,0,18,18,18,8,18,18,18,18,18,18,18,18,46,46,46,46,46,46,46,46,46,0,46,46,46,46,46,46,46,0,0,0,0,0,0,0,0,0,0]} 1. e4 e5 2. Nf3 Nc6 3. Bb5 Nf6 4. d3 Bc5 5. c3 O-O 6. O-O d6 7. h3 a6 {C65: Ruy Lopez: Berlin Defence (3...Nf6), unusual lines and 4 0-0 Bc5.} 8. Ba4 b5 9. Bc2 Bb6 10. a4 {[#]} Bd7 $146 ({Predecessor:} 10... Bb7 11. d4 exd4 12. cxd4 Nb4 13. Bg5 Nxc2 14. Bxf6 Qxf6 15. Qxc2 Rfe8 16. e5 dxe5 17. dxe5 {½-½ (31) Zhang,Q-Ling,Z (1315) Changsha 2019}) 11. Re1 Ne7 12. Nbd2 Ng6 13. Nf1 h6 14. Ng3 Re8 15. d4 bxa4 16. Bxa4 exd4 (16... Bxa4 $11 17. Qxa4 a5) 17. cxd4 $16 Bxa4 18. Qxa4 Qd7 19. Qxd7 (19. Qc2 $16) 19... Nxd7 $11 20. Be3 d5 21. exd5 Nf6 22. d6 cxd6 23. Nf5 Re6 24. Rec1 Bd8 25. Bd2 d5 26. Ne1 Ne4 27. Be3 Ne7 28. Nxe7+ Bxe7 29. Nd3 Rb6 30. Kf1 Rb5 31. Rc2 Bf6 32. b4 Be7 33. Ra4 Rab8 {[%cal Re7b4]} 34. Bf4 R8b7 {[%cal Re7b4]} 35. f3 Ng5 36. Bxg5 (36. Rc8+ $14 Kh7 37. Rxa6) 36... hxg5 37. Rxa6 Bxb4 38. Nxb4 Rxb4 $14 {[%mdl 4096] Endgame KRR-KRR} 39. Rd2 Rb1+ 40. Kf2 R7b2 41. Ra2 Rxa2 42. Rxa2 $11 {KR-KR} Rd1 43. Ke3 f5 44. f4 gxf4+ 45. Kxf4 Rxd4+ 46. Kxf5 Kh7 47. g4 Rd1 48. Kg5 d4 49. Ra4 d3 50. Rd4 d2 51. h4 $1 Ra1 52. Rxd2 Ra5+ 53. Kf4 g5+ 54. hxg5 Kg6 55. Rd6+ Kg7 56. Re6 Rb5 57. Re5 Rb1 58. Re6 Rf1+ 59. Kg3 Rg1+ 60. Kf3 Rf1+ 61. Kg2 Ra1 62. g6 Ra3 {The position is equal.} 63. Kf2 Rb3 64. Re3 Rxe3 65. Kxe3 Kxg6 66. g5 Kxg5 {Accuracy: White = 87%, Black = 92%.} 1/2-1/2

[Event "Clutch Chess International"]
[Site "Saint Louis"]
[Date "2020.06.13"]
[Round "3.3"]
[White "Carlsen, Magnus"]
[Black "Caruana, Fabiano"]
[Result "1-0"]
[WhiteElo "2881"]
[BlackElo "2773"]
[Annotator "TA"]
[PlyCount "73"]
[EventDate "2020.06.05"]
[EventType "k.o."]
[EventCountry "USA"]
[SourceTitle "playchess.com"]
[Source "ChessBase"]
[SourceQuality "1"]

{[%evp 9,73,-5,31,26,23,25,23,-9,-10,-10,-3,-3,-3,-2,-5,-10,-14,-31,-16,-15,-15,-15,-22,-14,-7,-4,-8,-10,-13,-25,2,0,0,0,20,8,62,61,64,54,215,237,260,258,349,339,343,343,339,331,902,913,916,921,913,911,888,862,775,758,1153,1153,1354,1351,1285,890]} 1. d4 Nf6 2. Bf4 d5 3. e3 c5 4. Nf3 Nc6 5. Nbd2 Nh5 6. dxc5 {D02: 1 d4 d5 2 Nf3 sidelines, including 2...Nf6 3 g3 and 2...Nf6 3 Bf4.} Nxf4 7. exf4 Qa5 8. Bd3 {White has an edge.} Qxc5 9. O-O g6 {[#]} 10. Nb3 $5 $146 {[%mdl 8] An interesting novelty.} ({Predecessor:} 10. Ne5 Bg7 11. Re1 Qb4 12. g3 Qxb2 13. c4 Be6 14. Rb1 Qxa2 15. Nxc6 bxc6 16. f5 Bxf5 17. Bxf5 gxf5 {0-1 (33) Gajewski,G (2623)-Santos Ruiz,M (2583) Germany 2019}) 10... Qd6 11. Qd2 Bg7 12. c3 O-O 13. Rfe1 Bg4 {White must now prevent ...Bxf3.} 14. Qe3 Bxf3 15. Qxf3 e6 16. h4 h5 17. g3 Rfe8 18. Rad1 a6 19. Nd2 {[%cal Bb3d2,Bd2e4,Be4g5][%mdl 32]} b5 20. Ne4 Qd7 $1 21. Ng5 Rad8 22. Bc2 b4 ({Black should try} 22... Bf6 $11) 23. Ba4 $14 bxc3 24. bxc3 {[%cal Bb2c3,Bc3c4,Bc4d5][%mdl 32]} Qc8 $2 {[#] Loses the game.} (24... Re7 $14) 25. f5 $1 $18 {[%cal Rf5g6][%mdl 512] Threatens to win with fxg6.} gxf5 {[#]} (25... exf5 26. Rxe8+) 26. c4 $1 {[%cal Rc4d5]} ({Less strong is} 26. Qxh5 Re7 $16) 26... Nd4 {[#]} 27. Rxd4 $1 (27. Qxh5 Re7 $14) 27... Bxd4 28. Bxe8 ({Weaker is} 28. Qxh5 Re7 $11) 28... Rxe8 29. Qxh5 Qc7 $2 (29... Qd7 30. cxd5 exd5 31. Rxe8+ Qxe8 32. Qh7+ {[%mdl 64] Double Attack} Kf8 33. Qxf5 Qe7) 30. cxd5 {White is clearly winning.} Re7 31. dxe6 f6 32. Qg6+ {[%mdl 64] Double Attack} Kf8 33. Nf3 Bc3 34. Rc1 Rxe6 {[#]} 35. Nd4 $1 {[%mdl 512]} Rb6 (35... Bxd4 36. Rxc7) 36. Qh6+ Kg8 37. Qe3 {Accuracy: White = 94%, Black = 59%.} 1-0

[Event "Clutch Chess International"]
[Site "Saint Louis"]
[Date "2020.06.13"]
[Round "3.4"]
[White "Caruana, Fabiano"]
[Black "Carlsen, Magnus"]
[Result "1-0"]
[WhiteElo "2773"]
[BlackElo "2881"]
[Annotator "TA"]
[PlyCount "100"]
[EventDate "2020.06.05"]
[EventType "k.o."]
[EventCountry "USA"]
[SourceTitle "playchess.com"]
[Source "ChessBase"]
[SourceQuality "1"]

{[%evp 11,100,7,10,-4,6,18,6,0,47,42,89,75,93,95,120,31,32,27,37,35,35,31,35,30,33,18,95,34,35,0,0,0,0,0,0,0,0,0,72,-34,0,0,7,7,7,-10,2,2,5,4,48,37,54,24,33,-17,21,0,0,0,16,16,16,16,16,16,35,40,45,26,74,77,80,30,192,179,188,187,212,213,434,413,355,334,607,585,5683,1475,29962,29963,29974]} 1. e4 c5 2. Nf3 Nc6 3. Bb5 e6 4. Bxc6 bxc6 5. d3 Qc7 (5... Ne7 6. b3 Ng6 7. h4 h5 8. e5 f6 9. Nbd2 d6 10. exd6 e5 11. Bb2 Bg4 12. Qe2 Qxd6 13. g3 Be7 {1-0 (39) Caruana,F (2818)-Carlsen,M (2882) Saint Louis 2019}) 6. O-O Ne7 {[#]} 7. h4 $146 {B30: Sicilian: 2...Nc6 3 Bb5, lines without ...g6.} ({Predecessor:} 7. Re1 Ng6 8. e5 Be7 9. h4 f6 10. Nbd2 O-O 11. exf6 Bxf6 12. Ne4 Bxh4 13. Nxh4 Nxh4 14. Qh5 Nf5 {1-0 (32) Grover,S (2505)-Lupulescu,C (2640) Al Ain 2014}) 7... e5 8. h5 d6 9. Nh2 {The position is equal.} Ng8 10. f4 Nf6 11. fxe5 dxe5 {[#]} 12. h6 $1 {[%mdl 512]} Be6 (12... gxh6 13. Rxf6) 13. hxg7 (13. Na3 $16) 13... Bxg7 $14 14. Bg5 Nd7 $1 15. Nd2 h5 16. Qe1 f6 17. Bh4 O-O-O 18. Kh1 Bh6 {[#]} (18... Rdg8 $11) 19. Nc4 ({White should play} 19. Rxf6 $1 $16 Nxf6 20. Bxf6) 19... Bf4 20. b4 Bxc4 21. dxc4 Rhg8 22. Nf3 cxb4 23. Qxb4 Be3 24. Rab1 a5 (24... Bb6 $1 $11 {remains equal.}) 25. Qe7 (25. Qb3 $16 Bc5 26. Nh2) 25... Rde8 (25... Bc5 $5 {[%cal Rc5e7]} 26. Qe6 Rde8 $11) 26. Qh7 Nc5 27. Qf5+ Qd7 $132 {[%mdl 2048] Black has counterplay} 28. Bxf6 Qxf5 29. exf5 Nd7 30. Rbe1 Nxf6 (30... Bf4 {looks sharper.} 31. Bh4 Ref8 32. Re2 Rg4 33. Be1 a4) 31. Rxe3 Ng4 32. Re4 Rgf8 33. Ne1 Nh6 34. f6 Ng4 35. Nd3 Nxf6 36. Rxe5 {Black must now prevent Rxf6!} Ng4 {[%cal Rf8f1]} 37. Rxf8 Rxf8 $11 {[%cal Rf8f1][%mdl 4096] Endgame KRN-KRN} 38. Re1 Rd8 39. Re4 Kc7 40. g3 (40. c5 {feels hotter.} Rg8 41. Kg1 Rg5 42. Nf4 Kd7 43. Nxh5 Rxh5 44. Rxg4 Rxc5 45. c4) 40... Rf8 41. Kg2 Rf5 42. Nf4 {Threatens to win with Nxh5.} Kd6 $2 {[#] This costs Black the game.} (42... Ne5 $11 {and Black stays safe.}) 43. Nxh5 $1 $18 Rxh5 44. Rxg4 {KR-KR} Kc5 45. a3 a4 $2 (45... Re5 {was worth a try.} 46. Kf2 Rh5) 46. Re4 Rh8 47. g4 Rd8 $2 (47... Rg8 48. Kf2 Rg5) 48. g5 Rd2+ 49. Kf3 Rxc2 50. g6 Rc3+ {Accuracy: White = 78%, Black = 52%.} 1-0

[Event "Clutch Chess International"]
[Site "Saint Louis"]
[Date "2020.06.13"]
[Round "3.5"]
[White "Carlsen, Magnus"]
[Black "Caruana, Fabiano"]
[Result "1-0"]
[WhiteElo "2881"]
[BlackElo "2773"]
[Annotator "TA"]
[PlyCount "113"]
[EventDate "2020.06.05"]
[EventType "k.o."]
[EventCountry "USA"]
[SourceTitle "playchess.com"]
[Source "ChessBase"]
[SourceQuality "1"]

{[%evp 13,113,12,18,6,18,20,21,14,8,10,16,0,23,9,35,16,26,18,38,28,27,25,58,23,21,17,21,10,26,19,24,36,39,46,52,0,0,0,0,0,0,0,0,0,0,0,0,0,0,0,0,0,0,0,0,0,0,0,0,0,0,0,0,0,0,0,0,0,0,0,0,0,0,0,0,0,122,115,108,114,195,219,210,17,852,816,790,761,727,683,523,226,586,570,29980,29983,29983,0,29984,29985,29985,29986]} 1. e4 e5 2. Nf3 Nf6 3. Nxe5 d6 4. Nf3 Nxe4 5. Nc3 Nxc3 6. dxc3 Be7 7. Be3 O-O 8. Qd2 {C42: Petroff Defence: 3 Nxe5 and unusual White 3rd moves.} Nd7 9. O-O-O Nf6 {is the new trend.} 10. Bd3 {The position is equal.} Re8 (10... c5 11. Rhe1 Be6 12. Kb1 Qa5 13. c4 Qxd2 14. Bxd2 h6 15. Nh4 Rfe8 16. Ng6 Ng4 17. Nxe7+ Rxe7 18. Re2 Ne5 19. Bf4 Nxd3 20. Rxd3 Rd7 21. Rxd6 Rxd6 22. Bxd6 {½-½ (55) Carlsen,M (2835)-Caruana,F (2832) London 2018}) 11. Rhe1 Bg4 12. Bg5 Qd7 13. a3 Bf5 14. Nd4 Bxd3 15. Qxd3 {[#]} Nd5 $146 {[%cal Bf6d5,Bd5e7,Be7g6,Bg6e5][%mdl 32]} ({Predecessor:} 15... h6 16. Bd2 Bf8 17. Qf3 c5 18. Nf5 Re6 19. Rxe6 Qxe6 20. c4 Re8 21. Ne3 Qd7 {½-½ (44) Zaas,P (2353)-Kunz,H (2329) ICCF email 2018}) 16. Bxe7 Nxe7 17. h4 Ng6 18. h5 Ne5 19. Qg3 h6 20. Re4 Nc6 21. Rg4 Nxd4 22. Rxg7+ Kh8 23. cxd4 {Qg6! is the strong threat.} Qf5 24. f3 (24. b3 $14) 24... Re2 $11 {[%csl Ge2][%cal Rf5c2]} 25. Rd2 Rxd2 26. Kxd2 {[%mdl 4096] Endgame KQR-KQR} Re8 27. Rg4 Qa5+ 28. Kd1 Qb5 29. Re4 (29. b3 {looks sharper.} Qf1+ 30. Kd2 a5 31. Qh4 Kh7 32. Re4) 29... Rxe4 30. fxe4 Qxb2 {KQ-KQ} 31. Qe3 Kg7 32. e5 Qb5 33. Qg3+ Kh7 34. Qf3 Qc4 35. Qe4+ Kg7 36. exd6 cxd6 37. Kd2 Qb5 38. Qf3 Qg5+ 39. Kc3 d5 40. g4 b6 41. Kb2 Kf8 42. a4 Ke7 43. Qe2+ Kd6 44. a5 bxa5 (44... Qf4 $11) 45. Qa6+ $16 {[%mdl 64] [#] Double Attack} Ke7 46. Qxa7+ Kf6 (46... Ke6 $16 {keeps fighting.}) 47. Qxa5 $18 Kg7 {[#]} 48. c4 $2 ({Better is} 48. Qa8 $1 $18) 48... Qxg4 $2 {[%mdl 8192]} (48... Qe7 $11) 49. Qxd5 f5 50. Qe5+ Kf7 51. c5 f4 {intending ...f3.} 52. Qd5+ (52. Qe4 $142) 52... Kf6 $2 (52... Ke8 {is tougher.} 53. Qe5+ Kf7) 53. Qd6+ Kg5 54. Qg6+ Kh4 55. Qxg4+ Kxg4 56. c6 f3 57. c7 {Accuracy: White = 83%, Black = 70%.} 1-0

[Event "Clutch Chess International"]
[Site "Saint Louis"]
[Date "2020.06.13"]
[Round "3.6"]
[White "Caruana, Fabiano"]
[Black "Carlsen, Magnus"]
[Result "1-0"]
[WhiteElo "2773"]
[BlackElo "2881"]
[Annotator "TA"]
[PlyCount "107"]
[EventDate "2020.06.05"]
[EventType "k.o."]
[EventCountry "USA"]
[SourceTitle "playchess.com"]
[Source "ChessBase"]
[SourceQuality "1"]

{[%evp 11,107,0,12,0,16,15,11,11,16,0,16,15,20,-21,-35,-59,-70,-60,-54,-42,-31,-104,-89,-104,-96,-139,-116,-145,-155,-173,-178,-249,-245,-223,-177,-268,-259,-288,34,39,41,-125,281,289,275,269,280,281,249,258,263,161,448,466,448,294,1142,235,220,151,234,235,379,379,358,306,387,496,520,520,533,531,526,500,500,500,500,500,434,414,396,385,512,468,6416,6432,5514,6207,2483,1901,29964,29964,29966,29967,29966,29964,7811,6051]} 1. e4 c5 2. Nf3 Nc6 3. Bb5 e6 4. Bxc6 bxc6 5. d3 Qc7 (5... Ne7 6. b3 Ng6 7. h4 h5 8. e5 f6 9. Nbd2 d6 10. exd6 e5 11. Bb2 Bg4 12. Qe2 Qxd6 13. g3 Be7 {1-0 (39) Caruana,F (2818)-Carlsen,M (2882) Saint Louis 2019}) 6. O-O Ne7 {[#]} 7. h4 $146 {B30: Sicilian: 2...Nc6 3 Bb5, lines without ...g6.} ({Predecessor:} 7. Re1 Ng6 8. e5 Be7 9. h4 f6 10. Nbd2 O-O 11. exf6 Bxf6 12. Ne4 Bxh4 13. Nxh4 Nxh4 14. Qh5 Nf5 {1-0 (32) Grover,S (2505)-Lupulescu,C (2640) Al Ain 2014}) 7... e5 8. h5 Ng8 9. Nh2 {The position is equal.} Nf6 10. f4 Be7 11. Nc3 d6 12. h6 gxh6 13. f5 Rg8 14. Bxh6 c4 15. Kh1 Ba6 16. b3 (16. g4 $15) 16... cxd3 $17 17. cxd3 d5 18. exd5 O-O-O (18... Nxd5 $6 19. Nxd5 cxd5 20. Rc1 $11) 19. Rc1 Nxd5 20. Qf3 Ba3 21. Ne4 (21. Rc2 $142) 21... Bxc1 $19 22. Rxc1 Nb4 23. Nc5 (23. Nf6 $142) 23... Bxd3 24. f6 Bb5 $2 (24... Kb8 $19 25. a3 e4 $1 {[%mdl 512]} 26. Nxe4 Bxe4 27. Qxe4 Nd3) 25. a4 $1 $14 {[%cal Ra4b5]} Ba6 {Strongly threatening ...Bb7.} 26. Ng4 $2 (26. Qh3+ $1 $14 Rd7 27. Be3 (27. Bd2 $2 Nd3 $19)) 26... Kb8 $2 {[%mdl 8192] Black cannot hold the game after this.} (26... Bb7 $1 $17 {...Rd4 is the strong threat.} 27. Qf5+ {[%mdl 64] Double Attack} Kb8 28. Nxe5 Bc8) 27. Nxa6+ $18 Nxa6 {[#]} 28. Nxe5 $1 {[%mdl 512]} Qb7 {With the idea ...Nb4.} ({Don't go for} 28... Qxe5 $2 29. Bf4 $1 $18 {[%mdl 512]}) 29. Nxc6+ {[%mdl 64] Double Attack} Ka8 30. Nxd8 Rxd8 31. Qe2 Nb8 $2 (31... Nc7 {was worth a try.} 32. Qc2 Ne6) 32. Bf4 Qd5 33. Rc7 Nd7 $2 {[#]} (33... Qd1+ 34. Qxd1 Rxd1+ 35. Kh2 Nd7) 34. Be3 $2 (34. Qa6 $1 {[%csl Ga6][%cal Rc7a7]} Qd1+ 35. Kh2 Qh5+ 36. Kg1 Qd1+ 37. Kf2 Qd4+ 38. Kg3 Rg8+ 39. Kh3) 34... Nxf6 35. Rxa7+ $40 {[%mdl 128] White is out for blood.} Kb8 {[#] and if ...Qd1+ works, Black does fine.} 36. Re7 $1 {aiming for Bf4+.} Rd7 (36... Qd1+ $142 37. Qxd1 Rxd1+ 38. Bg1 Rd7 39. Rxd7 Nxd7) 37. Bf4+ Kb7 38. Rxd7+ Nxd7 39. b4 Nb6 40. Qe7+ Nd7 41. Qd6 Qxd6 42. Bxd6 {[%mdl 4096] Endgame KB-KN} Kc6 43. Be7 Nb6 {[#]} 44. a5 $1 Nd5 45. Bf8 Kb5 46. Kh2 f5 47. Kg3 h5 (47... Kc6 $142 48. Kf3 Kb5) 48. Bc5 Ka6 49. Kh4 Nf4 50. g3 Ne2 51. Bd6 Kb5 52. Kxh5 Nc3 53. Kg6 Ne4 54. Bf4 {Accuracy: White = 64%, Black = 56%.} 1-0

[Event "Clutch Chess International"]
[Site "Saint Louis"]
[Date "2020.06.14"]
[Round "3.7"]
[White "Caruana, Fabiano"]
[Black "Carlsen, Magnus"]
[Result "0-1"]
[WhiteElo "2773"]
[BlackElo "2881"]
[Annotator "TA"]
[PlyCount "130"]
[EventDate "2020.06.05"]
[EventType "k.o."]
[EventCountry "USA"]
[SourceTitle "playchess.com"]
[Source "ChessBase"]
[SourceQuality "1"]

{[%evp 9,130,22,24,20,33,16,17,25,23,17,29,12,19,19,24,7,29,6,14,7,12,0,0,0,29,16,12,-38,-41,-48,-22,-28,0,-6,0,-11,0,-4,0,0,0,-261,-266,-253,-225,-394,-380,-510,-367,-361,-326,-308,-306,-308,-304,-308,-291,-304,-301,-290,-299,-466,-457,-445,-436,-585,-596,-850,-838,-907,-911,-29970,-29971,-29971,-29972,-29972,-29973,-29972,-29974,-29974,-29976,-29976,-29977,-29978,-29979,-29979,-29980,-29980,-29981,-29980,-29967,-29968,-29967,-29968,-29964,-29963,-29965,-29979,-29980,-29980,-29979,-29979,-29977,-29977,-29978,-29982,-29983,-29985,-29986,-29986,-29983,-29986,-29987,-29987,-29988,-29993,-29994,-29994,-29995,-29995,-29996,-29997,-29998]} 1. e4 c5 2. Nf3 Nc6 3. Bb5 e5 4. O-O Bd6 5. d3 Nf6 6. Bg5 {[#] B30: Sicilian: 2...Nc6 3 Bb5, lines without ...g6.} h6 $146 ({Predecessor:} 6... a6 7. Bc4 O-O 8. a4 Be7 9. Nc3 Rb8 10. Bxf6 Bxf6 11. Nd5 d6 12. c3 Bg4 {½-½ (59) Rutkus,R (2030)-McKenzie,C (2292) ICCF email 2013}) 7. Bh4 a6 8. Bc4 {The position is equal.} Be7 9. c3 O-O 10. Nbd2 d6 11. a4 Nh5 12. Bg3 g6 13. Re1 Nxg3 14. hxg3 Kg7 15. Nf1 h5 16. Ne3 h4 17. gxh4 Bxh4 18. g3 Bg5 $1 19. Nxg5 Qxg5 20. Qf3 f5 21. exf5 Bxf5 22. Nxf5+ Rxf5 23. Qg2 Raf8 24. Re2 Rf3 {Hoping for ...e4!} 25. Rae1 $2 {[%mdl 8192] [#] Black converts the advantage convincingly.} (25. Bd5 $11 Rxd3 26. Bxc6 bxc6 27. Qxc6) 25... e4 $1 $19 {[%cal Re4d3][%mdl 512]} 26. dxe4 Ne5 27. Be6 $2 {[#]} (27. Bd5) 27... Nd3 $1 {[%csl LRe1,LRf2][%cal Rd3e1]} 28. Bf5 Nxe1 29. Rxe1 Rd3 30. f4 Qxg3 31. Qxg3 Rxg3+ {[%mdl 4096] Endgame KRR-KRB} 32. Kf2 Rd3 ({Weaker is} 32... gxf5 33. Kxg3 fxe4 34. Rxe4 $11) 33. Ke2 {[#]} c4 $1 ({And not} 33... gxf5 34. Kxd3 Re8 35. Re3 $11) 34. Rg1 Rf6 35. Rg4 (35. Bc8 $142 Rxf4 36. Bxb7) 35... d5 36. a5 b6 37. axb6 Rxb6 38. b4 cxb3 {White must now prevent ...b2!} 39. Kxd3 b2 40. Rxg6+ Rxg6 {KR-KB. Black mates.} 41. Kc2 Rb6 42. Kb1 Kf6 43. Bh7 dxe4 44. Bxe4 a5 45. Bc2 Ke6 46. c4 Kd6 47. f5 Kc5 48. f6 Rxf6 49. Kxb2 Kxc4 50. Bh7 Rf8 51. Be4 Re8 52. Bg6 Re7 53. Bh5 Kb4 54. Bf3 Rd7 55. Bg4 Rd2+ 56. Kb1 Rd6 57. Kb2 a4 {[%cal Ba5a4,Ba4a3,Ba3a2][%mdl 32]} 58. Bh5 a3+ 59. Kb1 Rd7 60. Bg6 Rd1+ 61. Ka2 Rd2+ 62. Kb1 a2+ 63. Ka1 Ka3 64. Bc2 Re2 65. Bd1 Rg2 {Accuracy: White = 68%, Black = 94%.} 0-1